000 00696cam a2200241 4500500
005 20260329002922.0
041 _afre
042 _adc
100 1 0 _aPascal, Blaise
_eauthor
245 0 0 _aFaut-il avoir peur des ondes ?
260 _c2014.
500 _a27
690 _aAssemblée
690 _aEnvironnement
690 _aLaurence Abeille
690 _aLégislation
690 _aOndes
690 _aOndes électro-magnétiques
690 _aPrévention
690 _aUlrich Beck
786 0 _nPhilosophie magazine | 77 | 3 | 2014-03-01 | p. 4-4 | 1951-1787
856 4 1 _uhttps://shs.cairn.info/magazine-philosophie-magazine-2014-3-page-4?lang=fr&redirect-ssocas=7080
999 _c1819675
_d1819675